| 000 | 00712nam a22002177a 4500 | ||
|---|---|---|---|
| 999 |
_c20313 _d20313 |
||
| 003 | AR-CdUCM | ||
| 008 | 190528b ||||| |||| 00| 0 spa d | ||
| 040 |
_aMUNICIPALIDAD PROVINCIAL DEL CUSCO _cBIBLIOTECA MUNICIPAL DEL CUSCO |
||
| 082 |
_a839.961 / _bIB25 _22ed. |
||
| 100 |
_aIsben, Enrique _910295 |
||
| 245 | _aCasa de muñecas y un enemigo del pueblo / | ||
| 260 |
_aBuenos Aires: _bSopena, _c1949. |
||
| 300 |
_a 173 páginas ; _c22 cm. |
||
| 505 | _aContenido: Casa de muñecas -- Un enemigo del pueblo. | ||
| 650 |
_aNovela _95 |
||
| 650 |
_aSiglo XX _98 |
||
| 650 |
_aLiteratura universal _9611 |
||
| 700 |
_aAnaya Dorado, Ricardo (traductor) _922480 |
||
| 942 |
_2ddc _cLIBROS |
||
| 945 | _aJAvier | ||